000 01074nac a22003497a 4500
001 BR0601464
003 BR-BrBNA
005 20240105123305.0
008 230509b bl.|||m| |||| 00| 0 por d
040 _aBR-BrBNA
_bpor
_cBiblioteca Nacional de Agricultura
072 _aH10
090 _a0810 BR0601464
100 1 _aBraga Sobrinho, R.
100 1 _aGuimarães, J.A.
100 1 _aMesquita, A.L.M.
100 1 _aChagas, M.C.M.
100 1 _aFernandes, O.A.
100 1 _aFreitas, J.A.D. de
110 1 _aEMBRAPA Agroindústria Tropical, Fortaleza, CE (Brasil)
_93541
245 1 _aMonitoramento de pragas na produção integrada do meloeiro
260 3 _aFortaleza, CE (Brasil):
_c2003.
300 _a25 p.
490 _aDocumentos - EMBRAPA Agroindústria Tropical (Brazil)
_vno. 69
_xISSN 1677-1915
500 _a8 ref.
650 _aMELÃO
650 _aPRODUÇÃO VEGETAL
650 _aPRAGA DE PLANTA
650 _aCONTROLE QUÍMICO
650 _aPULVERIZAÇÃO
909 _a202312
_bLúcia Elande
_c55
_dLúcia Elande
942 _2AGRIS
_n0
_cMS
999 _c294799
_d294799